000
00201 a2200097 4500
001
4525
100
_a
Parsons,S.A.J
245
_a
Metrology & gavging
260
_a
_b
Macdonald
_c
090
_c
3723
_d
3723
942
_a
NUST-CAE
_c
M
_c
29960
999
_c
239598
_d
239598